Transco plc v Leicestershire County Council (Record no. 73959)
[ view plain ]
| 000 -LEADER | |
|---|---|
| fixed length control field | 01685cam a2200253 4500 |
| 001 - CONTROL NUMBER | |
| control field | ABS67373 |
| 008 - FIXED-LENGTH DATA ELEMENTS--GENERAL INFORMATION | |
| fixed length control field | 031215n2003 000 0 eng u |
| 035 ## - SYSTEM CONTROL NUMBER | |
| System control number | (Sirsi) u124622 |
| 245 ## - TITLE STATEMENT | |
| Title | Transco plc v Leicestershire County Council |
| 260 ## - PUBLICATION, DISTRIBUTION, ETC. | |
| Date of publication, distribution, etc. | 2003 |
| 520 ## - SUMMARY, ETC. | |
| Summary, etc. | [2003] EWCA Civ 1524, 4 November 2003. Appeal by defendant (T) against HC decision ([2003] EWHC 709 (QB), unreported) relating to the liability of T as a statutory undertaker in respect of late completion of under street works to gas pipes. The CA considered T's liability under the Street Works (Charges for Unreasonably Prolonged Occupation of the Highway) (England) Regulations 2001 as laid down in the New Roads and Street Works Act 1991 as amended by the Transport Act 2000. Particular reference is made to the regulations governing the determination of what is a reasonable period."Held": that the presumption in Reg 5(6) of the 2001 Regulations deeming works to continue until a works clear or works closed notice had been given only applied to remedial works. Moreover, the presumption was rebuttable and not conclusive. View at www.bailii.org. |
| 590 ## - LOCAL NOTE (RLIN) | |
| Local note | ABS |
| 650 ## - SUBJECT ADDED ENTRY--TOPICAL TERM | |
| Topical term or geographic name entry element | TRANSCO PLC V LEICESTERSHIRE CC |
| 650 ## - SUBJECT ADDED ENTRY--TOPICAL TERM | |
| Topical term or geographic name entry element | STREET WORKS |
| 650 ## - SUBJECT ADDED ENTRY--TOPICAL TERM | |
| Topical term or geographic name entry element | STREET WORKS (CHARGES FOR UNREASONABLY PROLONGED OCCUPATION OF THE HIGHWAY) (ENGLAND) REGULATIONS 2001 |
| 650 ## - SUBJECT ADDED ENTRY--TOPICAL TERM | |
| Topical term or geographic name entry element | NEW ROADS AND STREET WORKS ACT 1991 |
| 650 ## - SUBJECT ADDED ENTRY--TOPICAL TERM | |
| Topical term or geographic name entry element | TRANSPORT ACT 2000 |
| 650 ## - SUBJECT ADDED ENTRY--TOPICAL TERM | |
| Topical term or geographic name entry element | REMEDIAL WORKS |
| 650 ## - SUBJECT ADDED ENTRY--TOPICAL TERM | |
| Topical term or geographic name entry element | STATUTORY REQUIREMENTS |
| 650 ## - SUBJECT ADDED ENTRY--TOPICAL TERM | |
| Topical term or geographic name entry element | GAS PIPES |
| 690 ## - LOCAL SUBJECT ADDED ENTRY--TOPICAL TERM (OCLC, RLIN) | |
| Topical term or geographic name as entry element | PROPERTY AND LAND LAW-CASE LAW |
| 856 ## - ELECTRONIC LOCATION AND ACCESS | |
| Uniform Resource Identifier | <a href="https://www.bailii.org/ew/cases/EWCA/Civ/2003/1524.html ">https://www.bailii.org/ew/cases/EWCA/Civ/2003/1524.html </a> |
| Public note | View judgment on the bailii website |
| 942 ## - ADDED ENTRY ELEMENTS (KOHA) | |
| Suppress in OPAC | 0 |
| Withdrawn status | Lost status | Source of classification or shelving scheme | Damaged status | Not for loan | Home library | Current library | Shelving location | Date acquired | Total Checkouts | Full call number | Barcode | Date last seen | Copy number | Price effective from | Koha item type |
|---|---|---|---|---|---|---|---|---|---|---|---|---|---|---|---|
| Dewey Decimal Classification | London | London | Journal article | 15/12/2003 | ABS67373 | 124622-1001 | 06/08/2019 | 1 | 06/08/2019 | Law report | |||||
| Dewey Decimal Classification | Virtual | Virtual | Online | 15/12/2003 | ONLINE | 124622-2001 | 06/08/2019 | 1 | 06/08/2019 | Law report |